Risk or Real? Quiz Stats

Quiz Updated May 22, 2016

Challenge
Share
Tweet
Embed
Score 0/30 Timer 04:00
3 Plays Today
Region (T)erritory, (C)ountry or (B)oth % Correct
Ireland???
65.3%
Kamchatka???
64.9%
Middle East???
64.9%
Scandinavia???
64.8%
Central America???
63.8%
Kenya???
63.3%
Japan???
62.5%
Madagascar???
61.9%
Brazil???
61.9%
Siam???
60%
Alberta???
59.9%
Siberia???
59.8%
Germany???
59.7%
China???
59.6%
Algeria???
59.3%
Region (T)erritory, (C)ountry or (B)oth % Correct
South Africa???
59.2%
United States???
57.3%
Saudi Arabia???
56.4%
Colombia???
56.4%
Iceland???
55.7%
Argentina???
55.1%
Egypt???
54.5%
Indonesia???
53.2%
New Zealand???
52.3%
Afghanistan???
49.8%
Greenland???
48.9%
Mexico???
48.5%
Australia???
45.1%
New Guinea???
42.5%
Great Britain???
35.6%

You're not logged in!

Compare scores with friends on all Sporcle quizzes.
Join for Free
OR
Log In

You Might Also Like...

Show Comments

Extras

Top Quizzes Today


Score Distribution

Your Account Isn't Verified!

In order to create a playlist on Sporcle, you need to verify the email address you used during registration. Go to your Sporcle Settings to finish the process.

Report this User

Report this user for behavior that violates our Community Guidelines.

Details: